| 000 | 00537cam a22001577a 4500 | ||
|---|---|---|---|
| 008 | 180718b1975 xxu||||| |||| 00| 0 eng d | ||
| 082 | _aC43x54 Se55r | ||
| 100 | _aSen, Asoke K. | ||
| 245 |
_aRole of governors in the emerging pattern of centre-state relations in India _cby Asoke K. Sen |
||
| 260 |
_aDelhi _bNational _c1975 |
||
| 300 | _aviii, 75p | ||
| 440 | _aDr. Rajendra Parsad Memorial Lecture Series | ||
| 650 | _aAssistance in emergencies --India | ||
| 650 | _aFederal government --India | ||
| 650 | _aState governments --India | ||
| 999 |
_c423944 _d423944 |
||